000 00408nam a22001577a 4500
003 LK-CoMWRAF
005 20231121145649.0
008 231121b |||||||| |||| 00| 0 eng d
040 _aLK-CoMWRAF
_dLK-CoMWRAF
_eLK-CoMWRAF
041 _aeng
082 _a423.1
_bSHA
100 _aSharma, Amrita
245 _aThe Sterling Dictionary of literary terms
650 _aDictionary--Literary terms
942 _cBK
999 _c4202
_d4202